00815 2200289 4500001002100000005001500021035002000036007000300056008004100059020002200100040002200122082001400144084001600158090002200174100003900196245004200235250003400277300002800311650002000339850001200359264003600371336002100407337003000428338002300458999002200481990002200503INLIS00000000087063520220608092659 a0010-0622000225ta220608s2021 yoi g ind d a978-623-6256-67-1 aYOPDYOGbinderda04223a809.8 a809.8 DIA g aCB-D.11 2021-31410 aDian Mandalawatid1981-epengarang10aGuru yang bahagia /cDian Mandalawati aCetakan pertama, Agustus 2021 aiv, 68 halaman ;c20 cm 4aKisah kehidupan aYOPDYOG31aBantul :bSemesta Aksara,c2021 2rdacontentateks 2rdamediaatanpa perantara 2rdacarrieravolume aCB-D.11/2021-3141 aCB-D.11/2021-3141